00766nam a22002057a 4500003000400000005001700004008004100021020001800062040002900080050002300109100003100132245003600163250001300199260003600212300001000248650010100258942001500359952016900374999001700543OSt20250721150656.0250721b |||||||| |||| 00| 0 eng d a9780132552622 cChuka University Library aHF 5679 .A34 2012. aRomney, Marshall B.920071 aAccounting Information Systems. a12th ed. aUSA.bPearson Education.c2012. a697p. a1. Accounting--Data processing. 2. Information Storage and retrieval Systems.--Accounting920072 2lcccBKn0 00102lcc40708LGLaCHKbCHKcGENd2025-07-01eDonation from Books for Africa g1596.33l0oHF 5679 .A34 2012.p27080/2025r2025-07-21 15:08:17t1w2025-07-21yBK c19711d19711